Discipleship handbook : (Registro nro. 61678)

Detalles MARC
000 -LEADER
campo de control de longitud fija 02142nam a22005657a 4500
003 - IDENTIFICADOR DE NÚMERO DE CONTROL
campo de control PE-LiUPU
005 - FECHA Y HORA DE LA ÚLTIMA TRANSACCIÓN
campo de control 20250731173556.0
008 - DATOS DE LONGITUD FIJA--INFORMACIÓN GENERAL
campo de control de longitud fija 180111s2015 miu 000 0 eng d
020 ## - NÚMERO INTERNACIONAL ESTÁNDAR DEL LIBRO
Número Internacional Estándar del Libro 9780996313605
035 ## - NÚMERO DE CONTROL DEL SISTEMA
Número de control de sistema (OCoLC)1019129132
040 ## - FUENTE DE CATALOGACIÓN
Centro catalogador/agencia de origen PE-LiUPU
Lengua de catalogación spa
Centro/agencia transcriptor PE-LiUPU
Normas de descripción rda
082 ## - NÚMERO DE LA CLASIFICACIÓN DECIMAL DEWEY
Número de clasificación 248.5
Cutter G326d
110 ## - ENTRADA PRINCIPAL--NOMBRE DE ENTIDAD CORPORATIVA
Nombre de entidad corporativa o nombre de jurisdicción como elemento de entrada General Conference of Seventh-day Adventists.
Unidad subordinada North American Division.
9 (RLIN) 846
245 10 - MENCIÓN DEL TÍTULO
Título Discipleship handbook :
Resto del título a resource for Seventh-day Adventist church members /
250 ## - MENCION DE EDICION
Mención de edición 1a edición
264 #1 - PRODUCCIÓN, PUBLICACIÓN, DISTRIBUCIÓN, FABRICACIÓN Y COPYRIGHT
Producción, publicación, distribución, fabricación y copyright Michigan :
Nombre del de productor, editor, distribuidor, fabricante The Training Center Church Committee of the Michigan Conference of Seventh-day Adventists,
Fecha de producción, publicación, distribución, fabricación o copyright 2015.
300 ## - DESCRIPCIÓN FÍSICA
Extensión 319 páginas ;
Dimensiones 21 centimetros.
336 ## - TIPO DE CONTENIDO
Término de tipo de contenido text
Código de tipo de contenido txt
Fuente rdacontent.
337 ## - TIPO DE MEDIO
Nombre/término del tipo de medio unmediated
Código del tipo de medio n
Fuente rdamedia.
338 ## - TIPO DE SOPORTE
Nombre/término del tipo de soporte volume
Código del tipo de soporte nc
Fuente rdacarrier.
500 ## - NOTA GENERAL
Nota general Incluye apéndice,
505 00 - NOTA DE CONTENIDO CON FORMATO
Título Discipleship -- Devotional life -- Personal witnessing -- Church life -- Christian lifestyle -- Cycle of evangelism.
526 ## - NOTA DE INFORMACIÓN SOBRE EL PROGRAMA DE ESTUDIO
Nombre del programa Segunda Especialidad En Profecías Bíblicas
526 ## - NOTA DE INFORMACIÓN SOBRE EL PROGRAMA DE ESTUDIO
Nombre del programa Segunda Especialidad En Nuevo Testamento
526 ## - NOTA DE INFORMACIÓN SOBRE EL PROGRAMA DE ESTUDIO
Nombre del programa Segunda Especialidad En Antiguo Testamento
526 ## - NOTA DE INFORMACIÓN SOBRE EL PROGRAMA DE ESTUDIO
Nombre del programa Segunda Especialidad En Estudios Adventistas
526 ## - NOTA DE INFORMACIÓN SOBRE EL PROGRAMA DE ESTUDIO
Nombre del programa Doctorado en teología
526 ## - NOTA DE INFORMACIÓN SOBRE EL PROGRAMA DE ESTUDIO
Nombre del programa Maestría en teología histórica
526 ## - NOTA DE INFORMACIÓN SOBRE EL PROGRAMA DE ESTUDIO
Nombre del programa Maestría en teología bíblica
526 ## - NOTA DE INFORMACIÓN SOBRE EL PROGRAMA DE ESTUDIO
Nombre del programa Maestría en teología
526 ## - NOTA DE INFORMACIÓN SOBRE EL PROGRAMA DE ESTUDIO
Nombre del programa Maestría en misionología
526 ## - NOTA DE INFORMACIÓN SOBRE EL PROGRAMA DE ESTUDIO
Nombre del programa Maestría en liderazgo eclesiástico
526 ## - NOTA DE INFORMACIÓN SOBRE EL PROGRAMA DE ESTUDIO
Nombre del programa Teología
650 #0 - PUNTO DE ACCESO ADICIONAL DE MATERIA--TÉRMINO DE MATERIA
Término de materia o nombre geográfico como elemento de entrada Discipulado (Cristianismo)
9 (RLIN) 847
650 #0 - PUNTO DE ACCESO ADICIONAL DE MATERIA--TÉRMINO DE MATERIA
Término de materia o nombre geográfico como elemento de entrada Obra evangelistica
Subdivisión general Adventistas del séptimo día.
9 (RLIN) 848
650 #0 - PUNTO DE ACCESO ADICIONAL DE MATERIA--TÉRMINO DE MATERIA
Término de materia o nombre geográfico como elemento de entrada Dar testimonio (cristianismo)
Subdivisión general Adventistas del séptimo día.
9 (RLIN) 849
650 #0 - PUNTO DE ACCESO ADICIONAL DE MATERIA--TÉRMINO DE MATERIA
Término de materia o nombre geográfico como elemento de entrada Vida cristiana
Subdivisión general Autores adventistas del séptimo día.
9 (RLIN) 850
690 ## - PUNTO DE ACCESO ADICIONAL DE MATERIA LOCAL--TÉRMINO DE MATERIA (OCLC, RLIN)
Término de materia o nombre geográfico como elemento inicial Michigan Conference of Seventh-day Adventists.
Término de materia que sigue a un nombre geográfico como elemento inicial The Training Center Church Committee.
9 (RLIN) 851
700 ## - ENTRADA AGREGADA--NOMBRE PERSONAL
Nombre de persona Howard, Jim,
Término indicativo de función/relación Autor.
9 (RLIN) 852
700 ## - ENTRADA AGREGADA--NOMBRE PERSONAL
Nombre de persona DeVasher, Kameron,
Término indicativo de función/relación Autor.
9 (RLIN) 853
700 ## - ENTRADA AGREGADA--NOMBRE PERSONAL
Nombre de persona Howard, Mark,
Término indicativo de función/relación Autor.
9 (RLIN) 854
700 ## - ENTRADA AGREGADA--NOMBRE PERSONAL
Nombre de persona Schefka, Staci,
Término indicativo de función/relación Autor.
9 (RLIN) 855
700 ## - ENTRADA AGREGADA--NOMBRE PERSONAL
Nombre de persona Akenberger, Jeff,
Término indicativo de función/relación Editor.
9 (RLIN) 856
700 ## - ENTRADA AGREGADA--NOMBRE PERSONAL
Nombre de persona Hall, Gene,
Término indicativo de función/relación Editor.
9 (RLIN) 857
700 ## - ENTRADA AGREGADA--NOMBRE PERSONAL
Nombre de persona Hubbard, Tom,
Término indicativo de función/relación Editor.
9 (RLIN) 858
700 ## - ENTRADA AGREGADA--NOMBRE PERSONAL
Nombre de persona Ringstaff, Justin,
Término indicativo de función/relación Editor.
9 (RLIN) 859
700 ## - ENTRADA AGREGADA--NOMBRE PERSONAL
Nombre de persona Thomas, Hélène,
Término indicativo de función/relación Editor de copia.
9 (RLIN) 860
942 ## - ELEMENTOS DE ENTRADA SECUNDARIOS (KOHA)
Fuente del sistema de clasificación o colocación Clasificación Decimal Dewey
Tipo de ítem Koha Libros físicos
Suprimir en OPAC No
980 ## - EQUIVALENCIA O REFERENCIA-CRUZADA-MENCIÓN DE SERIE--NOMBRE DE PERSONA/TÍTULO [LOCAL, CANADÁ]
ID del usuario creador del registro 22041
Nombre del creador del registro ELI VALDERRAMA Analista Documental
ID del último usuario que modificó el registro 1
Nombre del último usuario que modificó el registro ALBERTO SANCHEZ Responsable de Automatización
Existencias
Visto por última vez Total de préstamos Signatura topográfica completa Código de barras Copia número Coste, precio de reemplazo Fecha de reemplazo Facultad Tipo de ítem Koha Nota pública Estado de pérdida Fuente del sistema de clasificación o colocación Restricciones de uso No para préstamo Colección Programa académico Biblioteca de origen Biblioteca actual Ubicación en estantería Fecha de adquisición Fuente de adquisición Coste, precio normal de compra
2025-12-03   248.5 G326d 81247 e1 24.70 2022-12-21   Libros físicos inventario-2023-12-13 No Perdido Clasificación Decimal Dewey No restringido Disponible para préstamos Colección General Teología Biblioteca CRAI UPeU Lima Biblioteca CRAI UPeU Lima Sala principal 2022-12-12 DONACION 19.70